书目信息 |
| 题名: |
内生稳态增长模型的生产结构
|
|
| 作者: | 左大培 著 | |
| 分册: | ||
| 出版信息: | 北京 中国社会科学出版社 2005.3 |
|
| 页数: | 231页 | |
| 开本: | 21cm | |
| 丛书名: | ||
| 单 册: | ||
| 中图分类: | F014.1 | |
| 科图分类: | ||
| 主题词: | 生产方式--经济结构 | |
| 电子资源: | ||
| ISBN: | 7-5004-5136-9 | |
| 000 | 00805nam0 2200229 450 | |
| 001 | TS2006031634 | |
| 005 | 20070108142329.20 | |
| 010 | @a7-5004-5136-9@dCNY20.00 | |
| 100 | @a20060829d2004 ekmy0chiy0121 ea | |
| 101 | 0 | @achi |
| 102 | @aCN@b110000 | |
| 105 | @ay a 000yy | |
| 200 | 1 | @a内生稳态增长模型的生产结构@ANei Sheng Wen Tai Zeng Chang Mo Xing De Sheng Chan Jie Gou@f左大培著@FZuo Da Pei Zhu |
| 210 | @a北京@c中国社会科学出版社@d2005.3 | |
| 215 | @a231页@d21cm | |
| 320 | @a有书目 (第231页) | |
| 330 | @a本书是中国社会科学院重大课题《新经济增长理论的发展和比较研究》的主要成果,旨在说明内生经济增长理论中稳态增长条件的生产结构。 | |
| 606 | @a生产方式@x经济结构 | |
| 690 | @aF014.1@v4 | |
| 701 | 0 | @a左大培@AZuo Da Pei@4著 |
| 801 | 0 | @aCN@b中图数据@c20070108 |
| 905 | @a10447@dF014.1@e266 | |
| 内生稳态增长模型的生产结构/左大培著.-北京:中国社会科学出版社,2005.3 |
| 231页;21cm |
| ISBN 7-5004-5136-9:CNY20.00 |
| 本书是中国社会科学院重大课题《新经济增长理论的发展和比较研究》的主要成果,旨在说明内生经济增长理论中稳态增长条件的生产结构。 |
| ● |
| 相关链接 |
|
|
|
|
正题名:内生稳态增长模型的生产结构
索取号:F014.1/266
 
预约/预借
| 序号 | 登录号 | 条形码 | 馆藏地/架位号 | 状态 | 备注 |
| 1 | 0607978 | 206079786 | 第一样本阅览室/ [索取号:F014.1/266] | 在馆 | |
| 2 | 0607979 | 206079795 | 第一借阅区/ [索取号:F014.1/266] | 在馆 | |
| 3 | 0607980 | 206079802 | 第一借阅区/ [索取号:F014.1/266] | 在馆 |